MARC details
| 000 -LEADER |
| campo de control de longitud fija |
02073nac a2200313 a 4500 |
| 003 - IDENTIFICADOR DE NÚMERO DE CONTROL |
| campo de control |
CO-PeBPM |
| 005 - FECHA Y HORA DE LA ÚLTIMA TRANSACCIÓN |
| campo de control |
20260418214702.0 |
| 007 - CAMPO FIJO DE DESCRIPCIÓN FÍSICA--INFORMACIÓN GENERAL |
| campo de control de longitud fija |
ta |
| 008 - DATOS DE LONGITUD FIJA--INFORMACIÓN GENERAL |
| campo de control de longitud fija |
260418s2025 ck a|||| |||| 00| 0 spa d |
| 020 ## - NÚMERO INTERNACIONAL ESTÁNDAR DEL LIBRO |
| Número Internacional Estándar del Libro |
9786287666450 |
| 040 ## - FUENTE DE CATALOGACIÓN |
| Centro catalogador/agencia de origen |
CO-PeBPM |
| Lengua de catalogación |
spa |
| Centro/agencia transcriptor |
CO-PeBPM |
| Normas de descripción |
rda |
| 041 ## - CÓDIGO DE IDIOMA |
| Código de lengua del texto/banda sonora o título independiente |
spa |
| 082 04 - NÚMERO DE LA CLASIFICACIÓN DECIMAL DEWEY |
| Número de clasificación |
(i) Co861 P634p |
| Número de edición |
23 |
| 245 10 - MENCIÓN DEL TÍTULO |
| Título |
Pijaraña, pijaraña, teje los versos la araña |
| Resto del título |
: Poesía de tradición oral para niños y niñas |
| Mención de responsabilidad, etc. |
/ Selección Beatriz Helena Robledo; ilustraciones Gabriela Otálora; editora Diana López de Mesa O.; diseño y dirección de arte Camila Cardeñosa Echeverri |
| 264 ## - PRODUCCIÓN, PUBLICACIÓN, DISTRIBUCIÓN, FABRICACIÓN Y COPYRIGHT |
| Producción, publicación, distribución, fabricación y copyright |
Bogotá, Colombia |
| Nombre del de productor, editor, distribuidor, fabricante |
: Biblioteca Nacional de Colombia |
| -- |
; Ministerio de las Culturas, las Artes y los Saberes |
| Fecha de producción, publicación, distribución, fabricación o copyright |
, 2025 |
| 300 ## - DESCRIPCIÓN FÍSICA |
| Extensión |
48 páginas |
| Otras características físicas |
ilustraciones a color |
| Dimensiones |
23 cm. |
| 336 ## - TIPO DE CONTENIDO |
| Fuente |
rdacontent |
| Término de tipo de contenido |
texto |
| Código de tipo de contenido |
txt |
| 337 ## - TIPO DE MEDIO |
| Fuente |
rdamedia |
| Nombre/término del tipo de medio |
sin mediación |
| Código del tipo de medio |
n |
| 338 ## - TIPO DE SOPORTE |
| Fuente |
rdacarrier |
| Nombre/término del tipo de soporte |
volumen |
| Código del tipo de soporte |
nc |
| 490 ## - MENCIÓN DE SERIE |
| Mención de serie |
Plan Nacional de Lectura y Escritura Leer es mi Cuento / Ministerio de las Culturas, las Artes y los Saberes |
| Designación de volumen o secuencia |
63 |
| 500 ## - NOTA GENERAL |
| Nota general |
Contiene datos biográficos de la selección y la ilustradora |
| 520 ## - RESUMEN, ETC. |
| Sumario, etc. |
La poesía de tradición oral es el primer alimento simbólico para nutrir la imaginación de los niños y las niñas; es, además, la puerta de entrada a la literatura. Este libro es una selección de poesía de tradición oral iberoamericana. Está compuesto por diferentes formas poéticas que adopta la oralidad: retahílas, canciones de cuna, rondas, poemas, adivinanzas y trabalenguas. Es un libro para leer en voz alta, en familia, para detener el tiempo de la prisa y jugar con las palabras que vienen viajando de remotos tiempos y lugares lejanos. |
| 700 1# - ENTRADA AGREGADA--NOMBRE PERSONAL |
| Nombre de persona |
Robledo, Beatriz Helena |
| Término indicativo de función/relación |
Selección |
| 700 1# - ENTRADA AGREGADA--NOMBRE PERSONAL |
| Nombre de persona |
Otálora, Gabriela |
| Término indicativo de función/relación |
ilustraciones |
| 700 1# - ENTRADA AGREGADA--NOMBRE PERSONAL |
| Nombre de persona |
López de Mesa O., Diana |
| Término indicativo de función/relación |
editora |
| 700 1# - ENTRADA AGREGADA--NOMBRE PERSONAL |
| Nombre de persona |
Cardeñosa Echeverri, Camila |
| Término indicativo de función/relación |
Diseño y dirección de arte |
| 942 ## - ELEMENTOS DE ENTRADA SECUNDARIOS (KOHA) |
| Fuente del sistema de clasificación o colocación |
Clasificación Decimal Dewey |
| Suprimir en OPAC |
No |
| Tipo de ítem Koha |
Literatura infantil |